Al Pacino movies - Statistics

General Stats
  • This quiz has been taken 42 times
  • The average score is 10 of 15
Answers on the Grid
Answers color-coded by a green-red scale on the quiz's grid according to % correct below.
Machete
Taxi Driver
Heat
Irishman
Once Upon a Time in America
Once Upon a Time in the West
Once Upon a Time in Hollywood
Jack and Jill
Silver Linings Playbook
Midnight Run
Dirty Grandpa
Godfather
Serpico
Gigli
Raging Bull
Donnie Brasco
Dog Day Afternoon
Sleepers
House of Gucci
The Untouchables
Intern
Brazil
The King of Comedy
Insomnia
The Devils Advocate
Oceans 11
Oceans 12
Oceans 13
Dick Tracy
Sea of Love
analyze this
Red Lights
 
Answer Stats
Answer % Correct
Godfather
100%
Heat
93%
Dog Day Afternoon
86%
Serpico
86%
Irishman
79%
Donnie Brasco
71%
Insomnia
64%
Once Upon a Time in Hollywood
64%
The Devils Advocate
64%
House of Gucci
57%
Jack and Jill
57%
Dick Tracy
50%
Oceans 13
50%
Sea of Love
50%
Gigli
7%
No matching quizzes found
Score Distribution
Percent of People with Each Score
Percentile by Number Answered
Your Score History
You have not taken this quiz